000 00786nam a22002057a 4500
999 _c8631
_d8631
003 AR-CdUCM
008 190325b ||||| |||| 00| 0 spa d
040 _aMUNICIPALIDAD PROVINCIAL DEL CUSCO
_cBIBLIOTECA MUNICIPAL DEL CUSCO
082 _a869.5682 /
_bL65
100 _aLévano, César,
_95418
245 _aArguedas, un sentimiento trágico de la vida /
260 _aLima :
_bGrafica labor,
_c1969..
300 _a108 paginas ;
_bIlustraciones,
_c19 cm.
505 _aContenido : Arguedas una interpretación -- Arguedas, novelista del Perú profundo -- El contenido antifeudal de la obra de Arguedas -- El zorro de arriba y el zorro de abajo...
650 _aEnsayos.
_9375
650 _aEnsayos peruanos
_9233
650 _aSiglo XX.
_98
942 _2ddc
_cLIBROS
945 _awnts